|
|
|
|
| LEADER |
006780000a22002050004500 |
| 082 |
|
|
|a 632.58 RED/PA
|
| 100 |
|
|
|a DEVENDAR REDDY, M
|f Author
|
| 100 |
|
|
|a NEELIMA, T L
|f Author
|
| 245 |
|
|
|a PARTHENIUM: ITS HAZARDOUS EFFECTS AND MANAGEMENT
|
| 260 |
|
|
|a JODHPUR, AGROBIOS
|
| 260 |
|
|
|c 2011
|
| 300 |
|
|
|a pages 117
|
| 650 |
|
|
|a CHEMISTRY OF PARTHENIUM
|
| 650 |
|
|
|a ECOLOGY
|
| 650 |
|
|
|a INTEGRATED PARTHENIUM WEED MANAGEMENT
|
| 650 |
|
|
|a PARTHENIUM WEED PROBLEM
|
| 650 |
|
|
|a SPECIES OF PARTHENIUM
|
| 942 |
|
|
|c BK
|
| 999 |
|
|
|c 165816
|d 165816
|
| 952 |
|
|
|0 0
|1 0
|4 0
|6 632_580000000000000_RED_PA
|7 0
|9 168132
|a KAUCOAP
|b KAUCOAP
|d 2013-07-24
|o 632.58 RED/PA
|p KAU_COAP07056
|r 2013-07-24
|w 2013-07-24
|y BK
|